| 000 | 02355nam a22005657a 4500 | ||
|---|---|---|---|
| 001 | 779 | ||
| 005 | 20230707133904.0 | ||
| 008 | 230707b cb ||||| |||| 00| 0 eng d | ||
| 020 | _a9780545708333 (pbk.) | ||
| 020 | _a0545708338 (pbk.) | ||
| 020 | _a9780545724135 (hbk.) | ||
| 020 | _a0545724139 (hbk.) | ||
| 020 | _a9781480672550 (Paw Prints) | ||
| 020 | _a1480672556 (Paw Prints) | ||
| 040 |
_aBTCTA _beng _cBTCTA _erda _dGK5 _dOCLCO _dCZA _dHBP _dBKL _dOCP _dJTH _dIHI _dOCLCF _dUPZ _dDAD _dEHH _dOCL _dOCLCO _dYDXCP _dBDX _dDLC |
||
| 050 | 0 | 0 |
_aPZ7.M507 _bVk 2015 |
| 082 | 0 | 4 |
_a[Fic] _223 |
| 100 | 1 |
_aMeadows, Daisy, _eauthor. |
|
| 245 | 1 | 0 |
_aViolet the painting fairy / _cby Daisy Meadows. |
| 260 |
_aLondon : _bOrchard , _c2014. |
||
| 300 |
_a73 pages : _billustrations, map ; _c20 cm. |
||
| 490 | 1 |
_aRainbow magic. The magical crafts fairies ; _vBook 5 |
|
| 500 | _aContains excerpt of the next adventure Rainbow magic, The magical crafts fairies "Libby the writing fairy!" | ||
| 505 | _aS | ||
| 520 | _aViolet the painting fairy needs Rachel and Kirsty's help to find her missing paintbrush in order to help keep Rainspell Island's Arts and Crafts Week on schedule. | ||
| 521 | 2 |
_a790
_bLexile |
|
| 521 | 0 |
_aS
_bRaz-Plus |
|
| 650 | 0 |
_aTate, Kirsty (Fictitious character) _vJuvenile fiction. |
|
| 650 | 0 |
_aWalker, Rachel (Fictitious character) _vJuvenile fiction. |
|
| 650 | 0 |
_aFairies _vJuvenile fiction. |
|
| 650 | 0 |
_aTwins _vJuvenile fiction. |
|
| 650 | 0 |
_aMagic _vJuvenile fiction. |
|
| 650 | 0 |
_aPainting _vJuvenile fiction. |
|
| 650 | 1 |
_aTate, Kirsty (Fictitious character) _vFiction. |
|
| 650 | 1 |
_aWalker, Rachel (Fictitious character) _vFiction. |
|
| 650 | 1 |
_aFairies _vFiction. |
|
| 650 | 1 |
_aTwins _vFiction. |
|
| 650 | 1 |
_aMagic _vFiction. |
|
| 650 | 1 |
_aPainting _vFiction. |
|
| 650 | 7 |
_aFairies. _2fast _0(OCoLC)fst00919878 |
|
| 650 | 7 |
_aMagic. _2fast _0(OCoLC)fst01005468 |
|
| 650 | 7 |
_aPainting. _2fast _0(OCoLC)fst01050567 |
|
| 650 | 7 |
_aTate, Kirsty (Fictitious character) _2fast _0(OCoLC)fst01748294 |
|
| 650 | 7 |
_aTwins. _2fast _0(OCoLC)fst01159851 |
|
| 650 | 7 |
_aWalker, Rachel (Fictitious character) _2fast _0(OCoLC)fst01748295 |
|
| 655 | 7 |
_aFiction. _2fast _0(OCoLC)fst01423787 |
|
| 655 | 7 |
_aJuvenile works. _2fast _0(OCoLC)fst01411637 |
|
| 906 |
_a7 _bcbc _ccopycat _d2 _encip _f20 _gy-gencatlg |
||
| 942 |
_2ddc _cBK _n0 |
||
| 999 |
_c779 _d779 |
||